000 00399 a2200169 4500
001 195085
020 _a978-85-390-0254-2
040 _cMagnum
100 _aRoemmers, A.G.
240 1 0 _aO retorno do jovem príncipe
_lpor
245 1 0 _aO retorno do jovem príncipe
300 _a109
362 0 _a2011
440 1 _aObjetiva
697 _aLITERATURA INFANTO-JUVENIL ESTRANGEIRA
942 _cBK
999 _c195085
_d195085